La pe’dagogie dufran cais langue et range’re

Guardat en:
Dades bibliogràfiques
Format: Llibre
Publicat: 1987
Etiquetes: Afegir etiqueta
Sense etiquetes, Sigues el primer a etiquetar aquest registre!
Thư viện lưu trữ: Mạng thư viện Đại học Đà Nẵng
LEADER 00451nam a22001811a 4500
001 000036592
003 12887
005 20160408151554.0
008 160408s1987 000
082 |a 4P(07) 376 
245 |a La pe’dagogie dufran cais langue et range’re  |c Hachete 
260 |c 1987 
OWN |a LNN 
999 |a From the UDN01 
TYP |a Monograph 
980 |a Mạng thư viện Đại học Đà Nẵng